000 00483nam a2200169Ia 4500
999 _c12733
_d12733
003 OSt
005 20201016113936.0
008 190216s9999||||xx |||||||||||||| ||und||
040 _coclc
082 _a823.912
_bLAW/W
100 _aLawrence, D H
_94767
245 0 _aWomen In Love /
_cD H Lawrence
260 _bPenguin Books,
_c1967.
_aLondon:
300 _a541p
650 _aEnglish Novel-English Novel
942 _cBK
_2ddc
_h823.912
_iLAW/W
_k823.912
_mLAW/W